=LDR 00000nam 2200000 4500 =001 INLIS000000000011633 =005 20130612103200 =008 ***********************************Ind** =035 ##$$0010-061300000011633 =041 ##$$a Ind =082 ##$$a 728.8 =090 ##$$a 728.8, Sun M =100 ##$$a Sunyata, I,W.Panca =245 ##$$a Makna Simbolik pengkajian -pengkajian dan pendididkan =650 ##$$a Bibliografi: hlm =650 ##$$a 275-276 =850 ##$$a NBPNMAT